| 000 | 00481nam a2200169 i 4500 | ||
|---|---|---|---|
| 001 | 73814 | ||
| 003 | ES-MaACL | ||
| 005 | 20240320062531.0 | ||
| 007 | t| | ||
| 008 | 040913s1961 sp ||||1| spa d | ||
| 100 | 1 |
_aGómez de la Serna, Ramón, _d1888-1963 _957901 |
|
| 245 | 1 | 0 |
_aPiso bajo _b: (novela) / _cRamón Gómez de la Serna. |
| 260 |
_a[Madrid] : _bEspasa-Calpe, _c[1961] |
||
| 300 |
_a149 p. ; _c18 cm. |
||
| 852 |
_aES-MaACL _jC-20206 _bR.48535 |
||
| 999 |
_c73814 _d73814 |
||